[Event "Kadettallsvenskans final 2006"]
[Site "?"]
[Date "2006.08.20"]
[Round "5"]
[White "Mossiaguine, Allan"]
[Black "Nyman, Johan"]
[Result "1-0"]
[WhiteElo "1650"]
[BlackElo "1556"]
[PlyCount "73"]

1. d4 d5 2. Nf3 e6 3. Bf4 Bd6 4. e3 Bxf4 5. exf4 Nf6 6. Bd3 Qd6 7. Ne5 Qb4+ 8.
c3 Qxb2 9. g4 Nfd7 10. f5 Nxe5 11. dxe5 exf5 12. gxf5 Nc6 13. O-O Qb6 14. Qh5
Nd8 15. e6 Nxe6 16. fxe6 Bxe6 17. Qg5 Kd7 18. Nd2 Qd6 19. Rad1 Qe7 20. Qf4 Qd6
21. Qg5 Qe7 22. Qg2 c6 23. c4 Kc7 24. Rfe1 Qf6 25. Qg3+ Kc8 26. cxd5 Bxd5 27.
Ne4 Bxe4 28. Bxe4 Rd8 29. Bg2 Rxd1 30. Rxd1 b5 31. Bh3+ Kb7 32. Rd7+ Ka6 33. a4
b4 34. Qd3+ Ka5 35. Rd5+ Kb6 36. Qe3+ Kc7 37. Rd7+ 1-0

[Event "Kadettallsvenskans final 2006"]
[Site "?"]
[Date "2006.08.20"]
[Round "5"]
[White "Nyman, Viktor"]
[Black "Gullberg, Daniel"]
[Result "1-0"]
[WhiteElo "1549"]
[BlackElo "1646"]
[PlyCount "77"]

1. Nf3 c5 2. c4 g6 3. Nc3 Bg7 4. d4 cxd4 5. Nxd4 Nc6 6. Nc2 Nf6 7. e4 O-O 8.
Be2 d6 9. Be3 Ne5 10. O-O Be6 11. b3 a6 12. Qd2 Rc8 13. f4 Ned7 14. Nd4 Nc5 15.
Bf3 a5 16. Rac1 Qd7 17. f5 gxf5 18. exf5 Bxf5 19. Nxf5 Qxf5 20. Bxb7 Qxf1+ 21.
Rxf1 Nxb7 22. Bh6 Bxh6 23. Qxh6 Kh8 24. Rxf6 exf6 25. Qxf6+ Kg8 26. Nd5 Rfe8
27. Ne7+ Rxe7 28. Qxe7 Nc5 29. Qxd6 Ne4 30. Qa6 Rd8 31. h3 Rd1+ 32. Kh2 Nf2 33.
Qxa5 Rh1+ 34. Kg3 Ne4+ 35. Kf4 Nf2 36. Qd8+ Kg7 37. Qg5+ Kh8 38. Qd8+ Kg7 39.
Qd4+ 1-0

[Event "Kadettallsvenskans final 2006"]
[Site "?"]
[Date "2006.08.20"]
[Round "5"]
[White "Hussain, Anton"]
[Black "Kotronia, Andoria"]
[Result "0-1"]
[WhiteElo "1535"]
[BlackElo "1511"]
[PlyCount "68"]

1. e4 c6 2. Nf3 d5 3. exd5 cxd5 4. Ne5 Nc6 5. d4 Nf6 6. Bf4 Bf5 7. Nc3 a6 8.
Bd3 Bxd3 9. Qxd3 e6 10. a3 Qb6 11. Nxc6 Qxc6 12. O-O Bd6 13. Bxd6 Qxd6 14. h3
O-O 15. Rfe1 b5 16. Re3 Rfc8 17. Rg3 Kh8 18. Re1 Rc4 19. Qe3 h6 20. Rf3 Qf8 21.
Qe5 Qb8 22. Qe3 Qf8 23. g4 Nh7 24. Qf4 Ng5 25. Rg3 Qb8 26. Qe3 b4 27. axb4 Qxb4
28. h4 Nh7 29. g5 hxg5 30. hxg5 Nf8 31. Rh3+ Kg8 32. Nxd5 exd5 33. Qf3 Qxe1+
34. Kh2 Rxc2 0-1

[Event "Kadettallsvenskans final 2006"]
[Site "?"]
[Date "2006.08.20"]
[Round "5"]
[White "Skoog, Filip"]
[Black "Eriksson, Martin"]
[Result "0-1"]
[WhiteElo "1348"]
[BlackElo "1533"]
[PlyCount "54"]

1. e4 c5 2. c3 Nf6 3. Qc2 Nc6 4. Nf3 d6 5. d4 cxd4 6. cxd4 Bg4 7. Bb5 Bd7 8.
Nc3 Rc8 9. Bg5 e6 10. O-O Be7 11. Bd3 Nb4 12. Qe2 a6 13. a3 Nxd3 14. Qxd3 O-O
15. Ne1 h6 16. Bh4 b5 17. Nc2 Re8 18. f4 a5 19. Rac1 Qb6 20. Kh1 b4 21. axb4
axb4 22. Na2 Bb5 23. Qf3 Bxf1 24. Qxf1 b3 25. Nab4 bxc2 26. Nxc2 Qxb2 27. Qe2
Qxc1+ 0-1